000 02517nam0a2200445 4500
001 RU\NLR\bibl\1478680
005 20260405164231.0
010 _a978-5-8189-1464-0
_bв пер.
_95000
021 _aRU
_b2009-107639
_96867
035 _a(nilc)RSL-KNO-004565480
035 _a(NLR Aleph) 001470342
090 _a1639605
_c1639605
100 _a20100114d2009 |||y0rusy50 ca
101 1 _arus
_ceng
102 _aRU
105 _ay |||||||||
200 1 _aОдинбург
_e[сборник]
_fАлександр Маккол Смит, Иэн Рэнкин, Ирвин Уэлш
_gс предисл. Джоан К. Роулинг
_gвступ. слово Лесли Хиндса
_g[пер. с англ. А. Соловьева]
210 _aМосква
_cGeleos Publishing House
_cиздатель А. Соловьев
_d2009
215 _a154, [1] с.
_d20
225 1 _aGeleos
300 _aЗагл. и авт. ориг.: OneCity / Alexander McCall Smith, Ian Rankin, Irvin Welsh
300 _aНа обл. загл.: Эдинбург, первая буква перечеркнута и испр. на О
300 _aНа обл. авт.: Ирвин Уэлш, Иэн Рэнкин, Александр Маккол Смит, Джоан Роулинг
300 _aНа корешке: Одинбург / Ирвин Уэлш
300 _aСодерж.: Незавидная судьба Китти да Силвы / Александр Макколл Смит. Шоу начинается / Иэн Рэнкин. Мюррейфилд (Вы просто издеваетесь) / Ирвин Уэлш
455 0 _12000#$aOneCity$fAlexander McCall Smith, Ian Rankin, Irvin Welsh
_1700#1$aMcCall Smith$bA.$gAlexander$f1948-$3RU\NLR\AUTH\770264456$4070
_1701#1$aRankin$bI.$gIan$4070
_1701#1$aWelsh$bI.$gIrvin$4070
_tOneCity
_aMcCall Smith, Alexander (1948-)
517 0 _aЭдинбург
686 _aШ5(4Вл)62-699.9
_2rubbk
686 _aШ5(4Вл)62-644я43
_2rubbk
686 _aШ6(4Вл)67-440.4я43{Лх1299-50сб}
700 1 _4070
_8rus
_7ca
_aМаккол Смит
_bА.
_f1948-
_gАлександр
_3RU\NLR\auth\7770225
_953153
701 1 _4070
_7ca
_8rus
_aРэнкин
_bИ.
_f1960-
_gИэн
_9253268
_3RU\NLR\AUTH\770253324
701 1 _4070
_7ca
_8rus
_aУэлш
_bИ.
_f1958-
_gИрвин
_9193961
_3RU\NLR\AUTH\770194012
801 0 _aRU
_bRuMoRGB
_c20100114
_grcr
801 1 _aRU
_bRuMoRGB
_c20100114
801 2 _aRU
_bNLR
_c20100301
_grcr
942 _cBOOK
980 _aNB